[Event "Haarlemse Meesters-IM 2018"]
[Site "Haarlem"]
[Date "2018.10.26"]
[Round "7"]
[White "Riemersma, Li"]
[Black "Gijswijt, Bart"]
[Result "0-1"]
[WhiteElo "2460"]
[BlackElo "2321"]
[Annotator "TA"]
[PlyCount "78"]
[EventDate "2018.10.17"]
[EventType "tourn"]
[EventCountry "NED"]
[SourceTitle "playchess.com"]
[Source "ChessBase"]
[SourceQuality "1"]

{[%evp 9,78,22,33,24,19,23,15,1,11,-20,-28,-16,10,-75,-77,-82,-93,-84,-89,-130,-124,-128,-110,-124,-127,-114,-121,-110,-79,-141,-128,-123,-98,-93,-100,-128,-108,-128,-122,-112,-113,-360,-337,-632,-536,-898,-921,-891,-875,-1638,-66,-1219,-1235,-29992,-78,-664,-8,-6,-18,-281,-219,-233,-232,-836,-811,-5738,-5522,-4252,-4821,-1141,-1088]} 1. c4 e6 2. Nc3 d5 3. d4 Nf6 4. cxd5 exd5 5. Bg5 Bb4 6. Qa4+ {D35: Queen's Gambit Declined: Exchange Variation} (6. e3 h6 7. Bh4 g5 8. Bg3 Ne4 9. Qb3 c5 10. Bd3 Nc6 11. Bxe4 dxe4 12. d5 Na5 13. Qa4+ Qd7 14. Qxd7+ Bxd7 15. Nge2 {½-½ (29) Ding,L (2772)-Lodici,L (2407) Antalya 2017}) 6... Nc6 7. e3 h6 8. Bh4 {The position is equal.} Bd7 {Threatens to win with ...Nxd4!} 9. Qc2 $146 ({Predecessor:} 9. Qb3 a6 10. Bd3 Qe7 11. Bxf6 Qxf6 12. Qxd5 Rd8 13. Qe4+ Qe6 {1-0 (44) Rukavina,D (2279)-Stipisic,I (1744) Sv Filip i Jakov 2006}) 9... g5 10. Bg3 Qe7 {Hoping for ...Nxd4.} 11. O-O-O (11. Nf3 $11) 11... Bxc3 12. Qxc3 Ne4 13. Qb3 h5 $36 {[%cal Bh6h5,Bh5h4][%mdl 2080] aiming for ...h4. Keeping White busy.} 14. Ne2 (14. Qxb7 $2 Rb8 $19) (14. Qxd5 h4) 14... h4 15. f3 hxg3 16. fxe4 Rxh2 ({Much less strong is} 16... gxh2 17. exd5 Na5 18. Qc3 $15) 17. Nxg3 Rxh1 18. Nxh1 dxe4 19. Qc3 (19. d5 $142 Ne5 20. Qxb7 Qc5+ 21. Kb1) 19... Nb4 20. Bc4 {[%cal Bf1c4,Bc4b3,Bb3d5][%mdl 32]} b5 {[%cal Bb7b5,Bb5b4][%mdl 32]} 21. a3 a5 {[%cal Ba7a5,Ba5a4][%mdl 32]} 22. Bb3 Nd3+ 23. Kb1 a4 24. Bd5 b4 $1 {[%cal Rb4c3]} 25. Qxc7 $2 (25. axb4 $17 Rb8 26. Rd2) 25... Rc8 $19 26. Qh2 $2 (26. Qa5 bxa3 27. Bb7 Nxb2 28. Bxc8 Nxd1 29. Bxd7+ Qxd7 30. Qe5+ Kf8 31. Qh8+ Ke7 32. Qe5+ Qe6 33. Qxg5+ Kd7 34. Qb5+ Qc6 35. Qxc6+ Kxc6 36. Ng3) 26... Bb5 27. Ng3 {And now Nf5 would win.} Qc7 28. Bxf7+ Qxf7 ({Not} 28... Kxf7 29. Qh5+ Ke6 30. Qg4+ Ke7 31. Qxg5+ Ke6 32. d5+ Kd7 33. Qg7+ Ke8 34. Qg8+ Kd7 35. Qg7+ Ke8 36. Qg8+ Kd7 37. Qg7+ $11) 29. Nxe4 Qg6 $2 (29... Qb3 $19 {[%csl Gd3][%cal Rb3b2]} 30. Nf6+ Ke7 31. Qh7+ Kd6 32. Ne4+ Kc6 33. Qg6+ Kc7 34. Rc1+ Nxc1 35. Qd6+ Kb7 36. Nc5+ Rxc5 37. Qxc5 Qd3+ 38. Qc2 Qf1 39. Qe4+ Bc6 40. Qe7+ Ka6 41. Qf6 Qxf6 42. Kxc1 Qf1+ 43. Kd2 Qxg2+ 44. Kc1 b3 45. Kd1 Bf3+ 46. Ke1 Qe2#) 30. Nd6+ $2 {[%mdl 8192]} (30. Qh8+ $15 Ke7 31. Qxc8 Qxe4 32. Ka1) 30... Kd7 31. Nxc8 Nf2+ $2 (31... Ne1+ $1 {mates} 32. e4 Qxe4+ 33. Ka1 Nc2+ 34. Kb1 Nxa3+ 35. Ka2 Bc4+ 36. b3 Qc2+ 37. Ka1 Qxd1+ 38. Kb2 Qb1#) 32. Kc1 $2 {[%mdl 8192]} (32. Ka1 $17 Nxd1 33. Qb8 Nxe3 34. Qxb5+ Kxc8 35. Qxa4) 32... Nxd1 $2 (32... Qc6+ $19 33. Kd2 Ne4+ 34. Ke1 Qc2 35. Qh3+ (35. Nb6+ {gets mated.} Kc6 36. d5+ Kb7 37. Qh7+ Ka6 38. Qa7+ Kxa7 39. Rd3 Qf2+ 40. Kd1 Qf1+ 41. Kc2 Bxd3#) 35... Kc7) 33. Qb8 $1 $11 {[%cal Rb8b5]} Nxe3 {[%csl Ge3][%cal Rg6c2]} 34. Nb6+ $2 {[%mdl 8192]} (34. Qxb5+ $11 Kxc8 35. Qc5+ Kd8 36. Qa5+ Ke7 37. Qc7+ Kf8 38. Qc5+ Kg8 39. Qc8+ Kg7 40. Qc7+ Qf7 41. Qe5+ Kf8 42. Qxe3 Qf1+ 43. Kd2 Qxg2+ 44. Kd3) 34... Kc6 {[%csl Ge3][%cal Rg6c2]} 35. d5+ Kc5 {[%csl Ge3][%cal Rg6c2] [#]} 36. Qc7+ $2 (36. Nxa4+ $1 {[%mdl 512]} Kd4 (36... Bxa4 37. Qxb4+) 37. Qa7+ Kd3 38. Qb6 Qxb6 39. Nxb6) 36... Kd4 $19 {( -> ...Qf6). Black is clearly winning.} 37. axb4 Qd3 {[%csl Ge3][%cal Rd3d1]} 38. Qg7+ Ke4 {[%csl Ge3][%cal Rd3d1]} 39. Qg6+ {[#]} Nf5 $1 {Precision: White = 23%, Black = 55%.} 0-1

[Event "Haarlemse Meesters-IM 2018"]
[Site "Haarlem"]
[Date "2018.10.26"]
[Round "7"]
[White "Harff, Marcel"]
[Black "Van Kerkhof, David"]
[Result "1-0"]
[WhiteElo "2420"]
[BlackElo "2371"]
[Annotator "NA"]
[PlyCount "67"]
[EventDate "2018.10.17"]
[EventType "tourn"]
[EventCountry "NED"]
[SourceTitle "playchess.com"]
[Source "ChessBase"]
[SourceQuality "1"]
[TimeControl "40/5400+30:1800+30"]

{[%evp 8,53,16,3,7,0,0,-5,-8,-9,-14,-16,-20,-6,-11,0,0,0,0,0,23,8,46,27,62,48,57,32767,32767,88,97,32767,143,139,135,32767,150,32767,32767,32767,32767,32767,32767,32767,32767,32767,32767,165]} 1. c4 {[%emt 0:00:00]} c5 {[%emt 0:00:00]} 2. Nf3 {[%emt 0:00:00]} g6 {[%emt 0:00:00]} 3. Nc3 {[%emt 0:00:22]} Bg7 {[%emt 0:00:11]} 4. d4 {[%emt 0:00:40]} cxd4 {[%emt 0:00:17]} 5. Nxd4 {[%emt 0:00:09]} Nc6 {[%emt 0:00:07]} 6. e3 {[%emt 0:00:06]} Nf6 {[%emt 0:00:09]} 7. g3 {[%emt 0:03:45] A35: Symmetrical English: 2 Nc3 Nc6 3 Nf3} d5 {[%emt 0:20:48]} 8. cxd5 {[%emt 0:09:03]} Nxd5 {[%emt 0:00:22]} 9. Bg2 {[%emt 0:00:07]} Nxc3 {[%emt 0:04:32]} 10. bxc3 {[%emt 0:00:03] LiveBook: 3 Games} Na5 {[%emt 0:03:18]} 11. O-O {[%emt 0:01:45]} O-O {[%emt 0:00:12]} 12. Ba3 {[%emt 0:00:37]} Qc7 $146 {[%emt 0:23:12]} ({Predecessor:} 12... Bd7 13. Bb4 Rb8 14. Rc1 b5 15. Qe2 Bf6 16. Rfd1 Qc7 17. Bxa5 Qxa5 18. Bc6 Bxd4 19. cxd4 Bxc6 20. Rxc6 {½-½ (31) Rechlis,G (2475)-Sabi,Y (2295) Israel 1988}) 13. Bb4 {[%emt 0:04:30]} Nc4 {[%emt 0:02:22]} 14. Qe2 {[%emt 0:00:15]} Nd6 {[%emt 0:05:19]} 15. Rab1 {[%emt 0:00:37]} a6 {[%emt 0:03:35]} 16. Bxd6 {[%emt 0:01:54]} exd6 {[%emt 0:01:57]} 17. Qb2 {[%emt 0:03:06]} Rb8 {[%emt 0:06:45]} 18. Qb6 {[%emt 0:08:03]} Qxc3 {[%emt 0:00:05]} 19. Qxd6 {[%emt 0:01:54]} Bg4 {[%emt 0:00:13] [#]} (19... Ra8 $1 $14) 20. Nc6 $1 {[%emt 0:00:55]} Rbe8 {[%emt 0:04:14]} 21. Rfc1 {[%emt 0:02:08]} Be5 {[%emt 0:02:27]} 22. Rxc3 {[%emt 0:01:52]} Bxd6 {[%emt 0:00:01]} 23. Rxb7 {[%emt 0:00:09]} Rc8 {[%emt 0:06:36]} 24. Bd5 {[%emt 0:03:38]} Be6 {[%emt 0:04:10]} 25. Bxe6 {[%emt 0:00:42]} fxe6 {[%emt 0:00:02]} 26. Rb6 {[%emt 0:00:07]} a5 {[%emt 0:00:28]} 27. Ra6 $18 {[%emt 0:05:48]} Rc7 {[%emt 0:03:26]} 28. Rd3 {[%emt 0:00:19]} Bb4 {[%emt 0:00:28]} 29. a3 {[%emt 0:01:34]} Be1 {[%emt 0:01:05]} 30. f4 {[%emt 0:00:15]} Rfc8 {[%emt 0:01:02]} 31. Rd6 {[%emt 0:00:30]} Kf7 {[%emt 0:00:56]} 32. Kg2 {[%emt 0:00:45]} Bc3 {[%emt 0:01:19]} 33. Kf3 {[%emt 0:02:23]} Bg7 {[%emt 0:00:17]} 34. Nd8+ {[%emt 0:00:21]} 1-0

[Event "Haarlemse Meesters-IM 2018"]
[Site "Haarlem"]
[Date "2018.10.26"]
[Round "7"]
[White "Bosboom, Manuel"]
[Black "Van Baar, Esper"]
[Result "1-0"]
[WhiteElo "2404"]
[BlackElo "2223"]
[Annotator "NA"]
[PlyCount "61"]
[EventDate "2018.10.17"]
[EventType "tourn"]
[EventCountry "NED"]
[SourceTitle "playchess.com"]
[Source "ChessBase"]
[SourceQuality "1"]
[TimeControl "40/5400+30:1800+30"]

{[%evp 8,42,9,0,12,6,10,11,6,16,12,0,0,-2,0,-8,-8,-14,-10,-23,32767,-35,-26,-54,-51,-55,-40,32767,32767,32767,-30,-22,-20,-63,-64,32767,0]} 1. c4 {[%emt 0:00:00]} c5 {[%emt 0:03:54]} 2. g3 {[%emt 0:02:07]} g6 {[%emt 0:00:10]} 3. Bg2 {[%emt 0:00:36]} Bg7 {[%emt 0:00:06]} 4. Nc3 {[%emt 0:02:16]} d6 {[%emt 0:00:55]} 5. Nf3 {[%emt 0:05:24]} Nc6 {[%emt 0:00:06]} 6. Rb1 {[%emt 0:00:28]} e5 {[%emt 0:01:04]} 7. a3 {[%emt 0:01:49]} a5 {[%emt 0:00:56]} 8. d3 {[%emt 0:04:04]} Nge7 {[%emt 0:00:49]} 9. Bg5 {[%emt 0:03:53]} f6 {[%emt 0:02:21]} 10. Bd2 {[%emt 0:01:45]} Be6 {[%emt 0:01:27] LiveBook: 7 Games} 11. O-O {[%emt 0:08:22]} O-O {[%emt 0:01:42]} 12. Qc1 {[%emt 0:11:33]} Rb8 {[%emt 0:04:14]} 13. h4 {[%emt 0:03:35] [#] A37: Symmetrical English vs ...g6: 4 Bg2 Bg7 5 Nf3} Qd7 $146 {[%emt 0:03:09]} ({Predecessor:} 13... b6 14. e4 Qd7 15. Kh2 Bg4 16. Ng1 Rf7 17. f3 Be6 18. Nge2 f5 19. f4 {0-1 (29) Sahu,R (2097)-Ismagambetov,A (2525) Bhubaneswar 2009}) 14. Re1 {[%emt 0:07:25]} b6 {[%emt 0:02:56]} 15. Bh6 {[%emt 0:04:26]} d5 {[%emt 0:04:00]} 16. Bxg7 {[%emt 0:03:13]} Kxg7 {[%emt 0:00:08]} 17. cxd5 {[%emt 0:03:26]} Nxd5 {[%emt 0:00:31]} 18. Nd2 {[%emt 0:05:40]} Nd4 {[%emt 0:08:17]} 19. e3 {[%emt 0:01:32]} Nc6 {[%emt 0:01:06]} 20. Nce4 {[%emt 0:05:39]} Nde7 {[%emt 0:04:30]} 21. Nc4 {[%emt 0:03:00]} Qxd3 $11 {[%emt 0:19:57]} (21... Rfd8 $15 22. Rd1 Bg4) 22. Nxb6 {[%emt 0:05:25]} Rxb6 {[%emt 0:00:10]} 23. Nxc5 {[%emt 0:00:02]} Qd6 {[%emt 0:11:49]} 24. Rd1 {[%emt 0:00:32]} Bd5 {[%emt 0:00:29]} 25. Bxd5 {[%emt 0:06:24]} Nxd5 {[%emt 0:00:16]} 26. Qc4 {[%emt 0:00:02]} Rd8 {[%emt 0:09:22]} 27. Rbc1 {[%emt 0:00:13]} Nce7 {[%emt 0:05:04]} 28. e4 {[%emt 0:01:07]} Rxb2 {[%emt 0:01:59]} 29. exd5 {[%emt 0:00:51]} Rc8 {[%emt 0:00:46]} 30. Ne6+ {[%emt 0:03:39]} Kh8 {[%emt 0:01:46]} 31. Qxc8+ {[%emt 0:00:10]} 1-0

[Event "Haarlemse Meesters-IM 2018"]
[Site "Haarlem"]
[Date "2018.10.26"]
[Round "7"]
[White "Vedder, Richard"]
[Black "Lenaerts, Lennert"]
[Result "0-1"]
[WhiteElo "2288"]
[BlackElo "2362"]
[Annotator "NA"]
[PlyCount "52"]
[EventDate "2018.10.17"]
[EventType "tourn"]
[EventCountry "NED"]
[SourceTitle "playchess.com"]
[Source "ChessBase"]
[SourceQuality "1"]
[TimeControl "40/5400+30:1800+30"]

{[%evp 11,47,45,37,46,33,30,43,41,38,27,32,25,34,30,26,-12,-19,-46,-43,-50,-40,-56,-39,-118,-88,-247,-296,-277,-274,32767,32767,-480,-511,32767,32767,32767,32767,-697]} 1. e4 {[%emt 0:00:00]} e5 {[%emt 0:05:03]} 2. Nf3 {[%emt 0:00:00]} Nc6 {[%emt 0:00:04]} 3. Bb5 {[%emt 0:00:00]} g6 {[%emt 0:00:07]} 4. c3 {[%emt 0:00:00]} d6 {[%emt 0:00:05]} 5. d4 {[%emt 0:00:00]} Bd7 {[%emt 0:00:01]} 6. d5 {[%emt 0:00:12] C60: Ruy Lopez: Unusual Black 3rd moves and 3...g6} (6. O-O Bg7 7. Be3 Nf6 8. dxe5 dxe5 9. Nbd2 O-O 10. Re1 Re8 11. h3 h6 12. a4 a6 13. Bc4 b6 14. b4 Qc8 15. a5 bxa5 16. bxa5 {½-½ (24) Tari,A (2597)-Kamsky,G (2677) Moscow 2018}) 6... Nce7 {[%emt 0:00:04]} 7. Bxd7+ {[%emt 0:00:05]} Qxd7 {[%emt 0:00:01]} 8. c4 {[%emt 0:00:10]} Bg7 {[%emt 0:00:02]} 9. Nc3 {[%emt 0:00:12]} h6 {[%emt 0:00:02]} 10. O-O {[%emt 0:02:06]} f5 {[%emt 0:00:02] LiveBook: 6 Games} 11. Ne1 {[%emt 0:00:42]} Nf6 {[%emt 0:02:03]} 12. f3 {[%emt 0:01:39]} O-O {[%emt 0:00:06]} 13. c5 $146 {[%emt 0:05:44]} ({Predecessor:} 13. Nd3 g5 14. c5 g4 15. Be3 {1-0 (33) Petrik,T (2461)-Repka,C (2429) Banska Stiavnica 2015}) 13... dxc5 {[%emt 0:04:57]} 14. Nd3 {[%emt 0:00:24]} Qd6 {[%emt 0:01:06]} 15. Be3 {[%emt 0:09:01]} b6 $1 {[%emt 0:00:30]} 16. Nb5 $1 {[%emt 0:07:48]} Qd8 $1 {[%emt 0:02:57]} 17. Qb3 {[%emt 0:02:01]} ({Better is} 17. Nxe5 $15 Nfxd5 18. Bxh6 Bxh6 19. exd5) 17... Kh7 {[%emt 0:00:55]} 18. Rfd1 $2 {[%emt 0:02:29]} (18. Nxe5 $17 Nfxd5 19. Nxg6 Nxe3 20. Nxf8+ Qxf8 21. Qxe3) 18... fxe4 {[%emt 0:01:22]} 19. Nxe5 {[%emt 0:02:50]} exf3 {[%emt 0:06:09]} ({Less strong is} 19... Nexd5 20. Nc3 $17) 20. d6 {[%emt 0:08:48]} cxd6 {[%emt 0:00:05]} 21. Nxd6 {[%emt 0:00:44]} Nfd5 {[%emt 0:13:52]} 22. Rxd5 {[%emt 0:21:42]} Nxd5 {[%emt 0:00:02]} 23. Qxd5 {[%emt 0:00:11]} Rf5 {[%emt 0:00:04]} 24. Qxa8 $19 {[%emt 0:01:33]} Qxa8 {[%emt 0:00:02]} 25. Nxf5 {[%emt 0:00:07]} Bxe5 {[%emt 0:00:04]} 26. Nxh6 {[%emt 0:00:09]} Qe4 {[%emt 0:00:08]} 0-1

[Event "Haarlemse Meesters-IM 2018"]
[Site "Haarlem"]
[Date "2018.10.26"]
[Round "7"]
[White "Daeschler, Florian"]
[Black "Basman, Michael J"]
[Result "1-0"]
[WhiteElo "2254"]
[BlackElo "2313"]
[Annotator "TA"]
[PlyCount "39"]
[EventDate "2018.10.17"]
[EventType "tourn"]
[EventCountry "NED"]
[SourceTitle "playchess.com"]
[Source "ChessBase"]
[SourceQuality "1"]

{[%evp 9,39,135,130,123,138,101,156,138,133,132,156,112,149,142,138,105,116,95,169,185,502,493,1970,0,217,0,3733,0,0,0,69,67]} 1. d4 h6 2. e4 g5 3. h4 g4 4. Nc3 d6 5. Nge2 Nf6 6. Ng3 {B00: Queen's Fianchetto Defence, Nimzowitsch Defence} a6 $146 ({Predecessor:} 6... c6 7. Bf4 Qa5 8. Qd2 Nbd7 9. O-O-O b5 10. a3 Rb8 11. e5 {1-0 (51) Lalic,S (2335)-De Vries,S (2175) Delden 1993}) 7. Bf4 c6 (7... Nc6 $142) 8. a4 {White is clearly better.} Qa5 9. Be2 e5 10. Be3 Nbd7 11. O-O exd4 12. Bxd4 Ne5 13. Qd2 Rg8 (13... h5 $16 {keeps fighting.}) 14. Rfd1 $18 Be6 $2 {[#]} (14... Qc7 {is tougher.} 15. Be3 h5) 15. Nd5 Rh8 (15... Qd8 $142 16. Bb6 cxd5 17. Bxd8 Rxd8 18. exd5 Nxd5) 16. Nc3 $2 (16. Nxf6+ $18 Ke7 17. Qxa5 Kxf6 18. Bxe5+ dxe5 19. Nh5+ Kg6 20. Qxe5) 16... Bc8 $2 (16... Rg8 $1 $11 {and Black is okay.}) 17. Nd5 $2 ({White should try} 17. b4 $18 Qc7 18. a5) 17... Rg8 $2 {[%mdl 8192]} (17... Be6 $11) 18. Rf1 $2 {[#]} (18. Nxf6+ $18 Ke7 19. Nxg8+ Ke8 20. Qxa5 Nd7 21. Bxg4 Be7 22. Nxe7 b6 23. Bxd7+ Bxd7 24. Bxb6) 18... Qxd2 $11 19. Nxf6+ Ke7 (19... Kd8 $1 $11 20. Bb6+ Ke7 21. Nxg8+ Kd7) 20. Nxg8+ {Precision: White = 50%, Black = 24%.} 1-0

[Event "Haarlemse Meesters-IM 2018"]
[Site "Haarlem"]
[Date "2018.10.27"]
[Round "8"]
[White "Riemersma, Li"]
[Black "Bosboom, Manuel"]
[Result "1-0"]
[WhiteElo "2460"]
[BlackElo "2404"]
[Annotator "TA"]
[PlyCount "71"]
[EventDate "2018.10.17"]
[EventType "tourn"]
[EventCountry "NED"]
[SourceTitle "playchess.com"]
[Source "ChessBase"]
[SourceQuality "1"]

{[%evp 13,71,58,55,49,74,52,110,91,143,155,120,134,188,191,195,186,188,192,410,173,179,143,154,129,146,145,133,151,147,87,137,87,91,90,102,104,110,92,161,178,149,28,163,126,428,424,456,449,558,517,524,516,814,817,1075,1050,1064,1054,1843,1808]} 1. d4 Nf6 2. c4 g6 3. Nc3 Bg7 4. e4 {[%cal Be2e4,Be4e5][%mdl 32]} d6 5. f3 a6 6. Be3 {E80: King's Indian: Sämisch: Lines without early ...0-0} h5 (6... Nc6 7. Qd2 Rb8 8. Nge2 Bd7 9. Nc1 O-O 10. Nb3 e5 11. d5 Ne7 12. g4 b5 13. c5 b4 14. Nd1 Bb5 15. Nf2 Bxf1 16. Rxf1 {1-0 (31) Wang,Y (2697)-Grischuk,A (2752) Beijing 2011}) 7. Qd2 c6 {LiveBook: 5 Games} 8. Rd1 $146 {White is slightly better.} ({Predecessor:} 8. h4 b5 9. Nh3 bxc4 10. Bxc4 d5 11. Bb3 Bxh3 12. gxh3 e6 13. O-O-O a5 14. Rhg1 Nbd7 15. Bc2 {0-1 (64) Bitoon,R (2442)-Dimakiling,O (2415) Boracay Island 2012}) 8... h4 9. e5 Nh5 (9... dxe5 $14 10. dxe5 Qxd2+ 11. Kxd2 Nh5) 10. f4 b5 (10... dxe5 $142 11. fxe5 (11. dxe5 Qxd2+ 12. Rxd2 Bh6 $14) 11... c5) 11. Nf3 (11. cxb5 $6 axb5 12. a3 Na6 $14) 11... Bg4 12. Be2 d5 (12... bxc4 $16 {was necessary.} 13. Ng5 (13. Bxc4 Bxf3 14. gxf3 d5 $16) 13... Qd7) 13. cxd5 $18 (13. cxb5 $6 axb5 14. Nxh4 e6 $16) 13... cxd5 14. Nxh4 e6 15. Bf2 Bh6 $2 (15... Bxe2 16. Nxe2 (16. Kxe2 Bh6 $16) 16... Nc6) 16. g3 (16. Bxg4 $142 Nxf4 17. Bg3) 16... Bh3 17. Bxh5 gxh5 18. Be3 Nc6 {[#]} 19. f5 $1 Bxe3 20. Qxe3 Qa5 21. Qd2 ({White should try} 21. fxe6 fxe6 22. Ng6) 21... Rc8 22. fxe6 fxe6 23. Ng6 Rg8 24. Nf4 Bg4 25. Nce2 $36 {[%mdl 2048] Black is under strong pressure.} Qb6 (25... Kd7 $16 {is a better defense.}) 26. h3 Bxe2 27. Qxe2 (27. Nxe2 $16 {Strongly threatening 0-0.} Qa5 28. Rf1) 27... Rxg3 (27... Nxd4 $11 {and Black stays safe.} 28. Qxh5+ Kd8 29. Rxd4 Rc1+ 30. Rd1 Qe3+ 31. Ne2 (31. Kf1 Rc2 $19) 31... Rxd1+ 32. Kxd1 Qd3+ 33. Ke1 (33. Kc1 Qe3+ 34. Kd1 Qd3+ 35. Kc1 Qe3+ 36. Kc2 Qe4+ 37. Kd2 Qxh1 $11) 33... Qb1+ 34. Kd2 Qxh1) 28. Nxe6 Ke7 $2 {[%mdl 8192]} (28... Ne7 $16 {is more resistant.} 29. Qxh5+ Kd7 30. Nc5+ Rxc5 31. dxc5 Qxc5) 29. Nf4 {White is clearly winning.} ({Don't play} 29. Qf2 Qa5+ 30. Ke2 Kxe6 $18) 29... Nb4 30. Qd2 a5 {[#]} 31. Qxb4+ $1 {[%mdl 512]} axb4 32. Nxd5+ Ke6 (32... Ke8 $142 33. Nxb6 Rd8) 33. Nxb6 Rc2 34. Rd2 Rxd2 35. Kxd2 h4 36. Rf1 {Precision: White = 57%, Black = 28%.} 1-0

[Event "Haarlemse Meesters-IM 2018"]
[Site "Haarlem"]
[Date "2018.10.27"]
[Round "8"]
[White "Lenaerts, Lennert"]
[Black "Daeschler, Florian"]
[Result "1-0"]
[WhiteElo "2362"]
[BlackElo "2254"]
[Annotator "NA"]
[PlyCount "83"]
[EventDate "2018.10.17"]
[EventType "tourn"]
[EventCountry "NED"]
[SourceTitle "playchess.com"]
[Source "ChessBase"]
[SourceQuality "1"]
[TimeControl "40/5400+30:1800+30"]

1. d4 {[%emt 0:02:07]} d5 {[%emt 0:00:00]} 2. c4 {[%emt 0:00:06]} e6 {[%emt 0:00:00]} 3. Nc3 {[%emt 0:00:03]} Nf6 {[%emt 0:00:00]} 4. cxd5 {[%emt 0:00:04]} exd5 {[%emt 0:00:00]} 5. Bg5 {[%emt 0:00:04]} c6 {[%emt 0:00:00]} 6. e3 {[%emt 0:00:07]} Be7 {[%emt 0:00:00]} 7. Bd3 {[%emt 0:00:06]} Nbd7 {[%emt 0:00:00]} 8. Qc2 {[%emt 0:00:08]} h6 {[%emt 0:00:00]} 9. Bh4 {[%emt 0:00:04]} Nh5 {[%emt 0:00:00]} 10. Bxe7 {[%emt 0:00:06]} Qxe7 {[%emt 0:00:02]} 11. Nge2 {[%emt 0:00:05]} Nb6 {[%emt 0:00:09]} 12. O-O-O {[%emt 0:04:30] D36: Queen's Gambit Declined: Exchange Variation: Main line (5 Bg5 c6 6 Qc2)} (12. O-O O-O 13. Rae1 Be6 14. Nc1 Rad8 15. Nb3 Rfe8 16. Nc5 Bc8 17. b4 Nc4 18. Qe2 Qg5 19. f4 Qh4 20. Bxc4 dxc4 {0-1 (37) Navara,D (2724)-Adams,M (2740) Biel 2015 CBM 168 [Krasenkow,M]}) 12... Bd7 {[%emt 0:00:38] LiveBook: 7 Games} 13. Kb1 {[%emt 0:00:11]} O-O-O {[%emt 0:04:05]} 14. Rhe1 $146 {[%emt 0:02:53]} ({Predecessor:} 14. Qb3 Kb8 15. a4 c5 16. Qa3 Rc8 17. a5 Nc4 18. Qa2 Be6 19. Bxc4 dxc4 {½-½ (58) Leniart,A (2489)-Grinev,V (2412) Suwalki 2018}) 14... Kb8 {[%emt 0:03:34]} 15. f3 {[%emt 0:07:06]} Rhe8 {[%emt 0:06:53]} (15... Qxe3 $15 16. Ng3 Qg5) 16. e4 {[%emt 0:00:28]} dxe4 {[%emt 0:04:50]} 17. fxe4 {[%emt 0:00:06]} Bc8 {[%emt 0:02:12]} 18. Qc1 {[%emt 0:03:23]} Qg5 {[%emt 0:06:39]} 19. g3 {[%emt 0:03:21]} Qxc1+ {[%emt 0:06:42]} 20. Kxc1 {[%emt 0:00:02]} Re7 {[%emt 0:06:36]} 21. b3 {[%emt 0:02:08]} g6 {[%emt 0:02:54]} 22. Rf1 {[%emt 0:01:09]} Bh3 {[%emt 0:09:04]} 23. Rf2 {[%emt 0:00:46]} Ng7 {[%emt 0:03:38]} 24. Bc4 {[%emt 0:09:21]} Nxc4 {[%emt 0:10:34]} 25. bxc4 {[%emt 0:00:08]} Ne8 {[%emt 0:00:13]} 26. e5 {[%emt 0:07:08]} Be6 {[%emt 0:02:58]} 27. c5 $15 {[%emt 0:02:09]} Bf5 {[%emt 0:05:32]} 28. Rdf1 {[%emt 0:02:11]} Nc7 {[%emt 0:03:09]} 29. g4 {[%emt 0:02:39]} Bxg4 {[%emt 0:02:54]} 30. Rxf7 {[%emt 0:00:36]} Rxf7 {[%emt 0:00:04]} 31. Rxf7 {[%emt 0:00:02]} Ne6 {[%emt 0:00:07]} 32. Rf6 {[%emt 0:02:42]} Nxd4 {[%emt 0:08:51]} 33. Nxd4 {[%emt 0:00:25]} Rxd4 {[%emt 0:00:03]} 34. Rxg6 {[%emt 0:00:04]} h5 {[%emt 0:00:09]} 35. e6 {[%emt 0:00:49]} Rd8 {[%emt 0:03:48]} 36. e7 {[%emt 0:00:44]} Re8 {[%emt 0:00:03]} 37. Rg7 {[%emt 0:00:01]} Bf5 {[%emt 0:02:02]} 38. Rf7 {[%emt 0:00:02]} Bg6 {[%emt 0:00:05]} 39. Rf6 {[%emt 0:00:04]} Bh7 {[%emt 0:00:24]} 40. Rf8 {[%emt 0:00:20]} Bg6 {[%emt 0:00:10]} 41. Rxe8+ {[%emt 0:30:17]} Bxe8 {[%emt 0:30:04]} 42. Ne4 {[%emt 0:00:01]} 1-0